Pre 2000 Songs with 1 Billion+ Streams - Statistics

General Stats
  • This quiz has been taken 491 times
  • The average score is 16 of 26
Answer Stats
Streams(B) Artist Year Answer % Correct
1.3 Toto 82 Africa
93%
1.2 Eagles 76 Hotel California
93%
1.2 a-ha 85 Take on Me
83%
1.5 Nirvana 91 Smells Like Teen Spirit
82%
1.5 Oasis 95 Wonderwall
80%
1 Lynard Skynard 74 Sweet Home Alabama
78%
1 Radiohead 93 Creep
74%
1.1 Earth Wind & Fire 78 September
74%
1.2 Micheal Jackson 82 Billie Jean
72%
1.4 Journey 81 Don't Stop Believin
70%
1.1 Coolio 95 Gangsta's Paradise
70%
1.1 Goo Goo Dolls 98 Iris
62%
1.3 Police 83 Every Breath You Take
60%
1.1 Bon Jovi 86 Livin on a Prayer
59%
1.1 AC/DC 80 Back in Black
57%
1.1 AC/DC 79 Highway to Hell
57%
1.2 Mariah Carey 94 All I Want for Christmas is You
56%
1.1 Fleetwood Mac 77 Dreams
56%
1 AC/DC 90 Thunderstruck
55%
1 RHCP 99 Californication
53%
1 Backstreet Boys 98 I Want It That Way
53%
1 RHCP 91 Under the Bridge
47%
1.4 Queen 80 Another One Bites the Dust
40%
1.4 Queen 78 Don't Stop Me Now
38%
1 Dr. Dre 99 Still D.R.E
33%
1.2 Queen 82 Under Pressure
24%
No matching quizzes found
Score Distribution
Percent of People with Each Score
Percentile by Number Answered
Your Score History
You have not taken this quiz